|
|
|
|
| LEADER |
01669nim a2200457 a 4500 |
| 001 |
001361272 |
| 003 |
CZ BrMZK |
| 005 |
20140221081058.0 |
| 007 |
sd |
| 008 |
140122s2013 xr cze |
| 024 |
3 |
|
|a 8590236002135
|
| 028 |
0 |
1 |
|a NMP-1
|b Neo Media Publishing
|
| 040 |
|
|
|a BOA001
|b cze
|
| 043 |
|
|
|a e-xr---
|
| 072 |
|
7 |
|a 821.162.3-3
|x Česká próza
|2 Konspekt
|9 25
|
| 072 |
|
7 |
|a 821-93
|x Literatura pro děti a mládež (beletrie)
|2 Konspekt
|9 26
|
| 080 |
|
|
|a 728.81
|2 MRF
|
| 080 |
|
|
|a 7.025.21
|2 MRF
|
| 080 |
|
|
|a 821.162.3-32
|2 MRF
|
| 080 |
|
|
|a (437.3)
|2 MRF
|
| 080 |
|
|
|a (086.7.053.2)
|2 MRF
|
| 080 |
|
|
|a (086.76)
|2 MRF
|
| 100 |
1 |
|
|a Vokolek, Václav,
|d 1947-
|7 jn19981002344
|4 aut
|
| 245 |
0 |
0 |
|a Lovci záhad
|h [zvukový záznam] :
|b tajemství hradů a zřícenin /
|c Václav Vokolek
|
| 260 |
|
|
|a [Praha] :
|b Neo Media Publishing,
|c 2013
|
| 300 |
|
|
|a 1 zvuková deska (9 hod., 38 min.) :
|b digital, MP3
|
| 500 |
|
|
|a Kompaktní deska
|
| 500 |
|
|
|a Dvojka Český rozhlas
|
| 508 |
|
|
|a Režie Daniela Cahová
|
| 511 |
1 |
|
|a Lovce záhad provází Stanislav Zindulka
|
| 650 |
0 |
7 |
|a hrady
|7 ph120854
|z Česko
|2 czenas
|
| 650 |
0 |
7 |
|a zříceniny
|7 ph127767
|z Česko
|2 czenas
|
| 655 |
|
7 |
|a české příběhy
|7 fd133973
|2 czenas
|
| 655 |
|
7 |
|a zvukové záznamy pro děti a mládež
|7 fd186726
|2 czenas
|
| 655 |
|
7 |
|a kompaktní desky
|7 fd201991
|2 czenas
|
| 700 |
1 |
|
|a Cahová, Daniela
|7 jx20140128001
|4 drt
|
| 700 |
1 |
|
|a Zindulka, Stanislav,
|d 1932-2019
|7 ola200200959
|4 stl
|
| 910 |
|
|
|a BOA001
|b CDR-1316.876
|
| 990 |
|
|
|a AV
|
| 991 |
|
|
|b 201402
|e dn
|
| 996 |
6 |
|
|b 2610577908
|c CDR-1316.876
|l MZK
|r Sklad / do 24 hodin
|n 1
|p p.v.
|w 001396600
|u 000010
|a 1
|e BOA001
|j MZK50
|s P
|